000
00232nam a2200097Ia 4500
008
220204s9999 xx 000 0 und d
082
_a
058(540)
_b
IND
245
0
_a
India: A reference annual 1969
260
_a
Delhi
_c
1969
942
_c
BK
999
_c
23857
_d
23857